Výročná správa ...

Bibliographic Details
Corporate Author: Univerzita Konštantína Filozofa v Nitre. Pedagogická fakulta
Other Authors: Szórádová, Eva, 1961- (Compiler, Editor), Határ, Ctibor, 1979- (Editor), Pintés, Gábor (Editor)
Format: Serial
Language:Slovak
PhysicalDescription:zv. tab. 21 cm
Published: Nitra Univerzita Konštantína Filozofa v Nitre, Pedagogická fakulta 2007-
ISBN:9788080941482 (brož. : 2006)
9788080943707 (brož. : 2007)
9788080944940 (brož. : 2008)
9788080946784 (brož. : 2009)
9788080948658 (brož. : 2010)
9788055800943 (brož. : 2011)
9788055803357 (brož. : 2012)
9788055806396 (brož. : 2013)
9788055808086 (brož. : 2014)
9788055811314 (brož. : 2015)
9788055812267 (brož. : 2016)
9788055814742 (brož. : 2018)
Subjects:

MARC

LEADER 00000cas a2200000 a 4500
001 vtls009944184
003 SK-MaSNL
005 20260228162353.0
008 090827c20079999xo ar| 0 b0slo
015 |a SNBB2010/02-00912 (2006)  |a SNBB2010/02-00913 (2007)  |a SNBB2010/02-00914 (2008)  |a SNBB2010/02-01398 (2009)  |a SNBB2012/01-00159 (2010)  |a SNBB2012/04-01211 (2011)  |a SNBB2015-(r. 2012, 2013, 2014)  |a SNBB2017-(r. 2015)  |a SNBB2018-(r. 2016)  |a SNBB2020-(r. 2018) 
020 |a 9788080941482 (brož. : 2006) 
020 |a 9788080943707 (brož. : 2007) 
020 |a 9788080944940 (brož. : 2008) 
020 |a 9788080946784 (brož. : 2009) 
020 |a 9788080948658 (brož. : 2010) 
020 |a 9788055800943 (brož. : 2011) 
020 |a 9788055803357 (brož. : 2012) 
020 |a 9788055806396 (brož. : 2013) 
020 |a 9788055808086 (brož. : 2014) 
020 |a 9788055811314 (brož. : 2015) 
020 |a 9788055812267 (brož. : 2016) 
020 |a 9788055814742 (brož. : 2018) 
035 |a (SKP)vtls000053600 
040 |a BA001  |b slo  |c BA001  |d SNK  |e AACR2 
041 0 |a slo 
043 |a e-xo--- 
044 |a xo  |c SK 
072 7 |a 378  |x Vysoké školy  |2 konspekt 
080 |a 378.096:37.01  |2 2011 
080 |a (437.6)  |2 2011 
080 |a (047.1)  |2 2011 
110 2 |a Univerzita Konštantína Filozofa v Nitre.  |b Pedagogická fakulta  |9 178350 
245 1 0 |a Výročná správa ...  |c Univerzita Konštantína Filozofa v Nitre, Pedagogická fakulta 
246 1 |i Názov v tiráži:  |a Výročná správa Pedagogickej fakulty Univerzity Konštantína Filozofa v Nitre za rok ... 
246 1 3 |a Výročná správa PF UKF ...  |f 2010-2016  |f 2017 
260 |a Nitra  |b Univerzita Konštantína Filozofa v Nitre, Pedagogická fakulta  |c 2007- 
300 |a zv.  |b tab.  |c 21 cm 
310 |a 1x ročne 
362 0 |a 2006- 
500 |a Súčasťou názvu je označenie bežného roku 
500 |a Zostavovateľ: 2006-2009, Eva Szórádová 
500 |a Názov v tiráži pri r. 2009 (vyd. v r. 2010): Výročná správa ... 
500 |a Editor: 2010-2011, Ctibor Határ ; 2012-2016, Eva Szórádová ; 2018, Gábor Pintes 
650 0 7 |a pedagogické fakulty  |2 SNKPH  |9 68198 
650 0 7 |a Faculties of education  |2 SNKPHeng  |9 266237 
651 7 |a Nitra (Slovensko)  |2 SNKPH  |9 15714 
651 7 |a Nitra (Slovakia)  |2 SNKPHeng  |9 265425 
655 7 |a výročné správy  |2 SNKPH  |9 70580 
655 7 |a Annual reports  |2 SNKPHeng  |9 265598 
700 1 |a Szórádová, Eva,  |d 1961-  |4 com  |4 edt  |9 190683 
700 1 |a Határ, Ctibor,  |d 1979-  |4 edt  |9 209542 
700 1 |a Pintés, Gábor  |4 edt  |9 48999 
910 |a snk 
919 |a 978-80-8094-148-2 
919 |a 978-80-8094-370-7 
919 |a 978-80-8094-494-0 
919 |a 978-80-8094-678-4 
919 |a 978-80-8094-865-8 
919 |a 978-80-558-0094-3 
919 |a 978-80-558-0335-7 
919 |a 978-80-558-0639-6 
919 |a 978-80-558-0808-6 
919 |a 978-80-558-1131-4 
919 |a 978-80-558-1226-7 
919 |a 978-80-558-1474-2 
999 |c 7730  |d 9660 
952 |0 0  |1 0  |4 0  |7 0  |8 0  |a SNK  |b SNK  |d 2009-09-11  |i snk2009/16446  |l 0  |o snkČSD 2319/2006  |p 17A0609758  |r 2026-02-21 19:31:15  |w 2026-02-21  |y PREZ 
952 |0 0  |1 0  |4 0  |7 0  |8 0  |a SNK  |b SNK  |d 2009-09-11  |i snk2009/16447  |l 0  |o snkČSD 2319/2006 D1  |p 17A0609759  |r 2026-02-21 19:31:15  |w 2026-02-21  |y PREZ 
952 |0 0  |1 0  |4 0  |7 0  |8 0  |a SNK  |b SNK  |d 2009-09-11  |i snk2009/16456  |l 0  |o snkČSD 2319/2007  |p 17A0609760  |r 2026-02-21 19:31:16  |w 2026-02-21  |y PREZ 
952 |0 0  |1 0  |4 0  |7 0  |8 0  |a SNK  |b SNK  |d 2009-09-11  |i snk2009/16457  |l 0  |o snkČSD 2319/2007 D1  |p 17A0609761  |r 2026-02-21 19:31:16  |w 2026-02-21  |y PREZ 
952 |0 0  |1 0  |4 0  |7 0  |8 0  |a SNK  |b SNK  |d 2010-05-28  |i snk2010/11456  |l 0  |o snkČSD 2319/2009 D1  |p 17A0635983  |r 2026-02-21 19:32:32  |w 2026-02-21  |y PREZ 
952 |0 0  |1 0  |4 0  |7 0  |8 0  |a SNK  |b SNK  |d 2010-03-09  |i snk2010/4703  |l 0  |o snkČSD 2319/2008  |p 17A0635066  |r 2026-02-21 20:07:26  |w 2026-02-21  |y PREZ 
952 |0 0  |1 0  |4 0  |7 0  |8 0  |a SNK  |b SNK  |d 2020-05-19  |i snk2020/8025  |l 0  |o snkČSD 2319/2018  |p 17A1387737  |r 2026-02-21 20:13:54  |w 2026-02-21  |y PREZ 
952 |0 0  |1 0  |4 0  |7 0  |8 0  |a SNK  |b SNK  |d 2020-05-19  |i snk2020/8028  |l 0  |o snkČSD 2319/2018 D1  |p 17A1387738  |r 2026-02-21 20:13:54  |w 2026-02-21  |y PREZ 
952 |0 0  |1 0  |4 0  |7 0  |8 0  |a SNK  |b SNK  |d 2010-05-28  |i snk2010/11454  |l 0  |o snkČSD 2319/2009  |p 17A0635982  |r 2026-02-21 20:22:07  |w 2026-02-21  |y PREZ 
952 |0 0  |1 0  |4 0  |7 0  |8 0  |a SNK  |b SNK  |d 2012-01-19  |i snk2012/1558  |l 0  |o snkČSD 2319/2010  |p 17A0719207  |r 2026-02-21 20:29:51  |w 2026-02-21  |y PREZ 
952 |0 0  |1 0  |4 0  |7 0  |8 0  |a SNK  |b SNK  |d 2012-01-19  |i snk2012/1559  |l 0  |o snkČSD 2319/2010 D1  |p 17A0719208  |r 2026-02-21 20:29:51  |w 2026-02-21  |y PREZ 
952 |0 0  |1 0  |4 0  |7 0  |8 0  |a SNK  |b SNK  |d 2012-09-19  |i snk2012/18364  |l 0  |o snkČSD 2319/2011  |p 17A0866318  |r 2026-02-21 20:30:50  |w 2026-02-21  |y PREZ 
952 |0 0  |1 0  |4 0  |7 0  |8 0  |a SNK  |b SNK  |d 2012-09-19  |i snk2012/18365  |l 0  |o snkČSD 2319/2011 D1  |p 17A0866319  |r 2026-02-21 20:30:50  |w 2026-02-21  |y PREZ 
952 |0 0  |1 0  |4 0  |7 0  |8 0  |a SNK  |b SNK  |d 2010-03-09  |i snk2010/4704  |l 0  |o snkČSD 2319/2008 D1  |p 17A0635067  |r 2026-02-21 21:41:57  |w 2026-02-21  |y PREZ 
952 |0 0  |1 0  |4 0  |7 0  |8 0  |a SNK  |b SNK  |d 2015-11-26  |i snk2015/31972  |l 0  |o snkČSD 2319/2012  |p 17A1085228  |r 2026-02-21 21:46:37  |w 2026-02-21  |y PREZ 
952 |0 0  |1 0  |4 0  |7 0  |8 0  |a SNK  |b SNK  |d 2015-11-26  |i snk2015/31973  |l 0  |o snkČSD 2319/2012 D1  |p 17A1085229  |r 2026-02-21 21:46:37  |w 2026-02-21  |y PREZ 
952 |0 0  |1 0  |4 0  |7 0  |8 0  |a SNK  |b SNK  |d 2015-11-26  |i snk2015/31974  |l 0  |o snkČSD 2319/2013  |p 17A1136250  |r 2026-02-21 21:46:37  |w 2026-02-21  |y PREZ 
952 |0 0  |1 0  |4 0  |7 0  |8 0  |a SNK  |b SNK  |d 2015-11-26  |i snk2015/31975  |l 0  |o snkČSD 2319/2013 D1  |p 17A1136249  |r 2026-02-21 21:46:37  |w 2026-02-21  |y PREZ 
952 |0 0  |1 0  |4 0  |7 0  |8 0  |a SNK  |b SNK  |d 2015-12-01  |i snk2015/32373  |l 0  |o snkČSD 2319/2014  |p 17A1085204  |r 2026-02-21 21:46:46  |w 2026-02-21  |y PREZ 
952 |0 0  |1 0  |4 0  |7 0  |8 0  |a SNK  |b SNK  |d 2015-12-01  |i snk2015/32374  |l 0  |o snkČSD 2319/2014 D1  |p 17A1085203  |r 2026-02-21 21:46:46  |w 2026-02-21  |y PREZ 
952 |0 0  |1 0  |4 0  |7 0  |8 0  |a SNK  |b SNK  |d 2018-05-10  |i snk2018/10246  |l 0  |o snkČSD 2319/2016  |p 17A1324884  |r 2026-02-21 22:05:25  |w 2026-02-21  |y PREZ 
952 |0 0  |1 0  |4 0  |7 0  |8 0  |a SNK  |b SNK  |d 2018-05-10  |i snk2018/10247  |l 0  |o snkČSD 2319/2016 D1  |p 17A1324885  |r 2026-02-21 22:05:25  |w 2026-02-21  |y PREZ 
952 |0 0  |1 0  |4 0  |7 0  |8 0  |a SNK  |b SNK  |d 2017-07-17  |i snk2017/16499  |l 0  |o snkČSD 2319/2015  |p 17A1263622  |r 2026-02-21 22:25:24  |w 2026-02-21  |y PREZ 
952 |0 0  |1 0  |4 0  |7 0  |8 0  |a SNK  |b SNK  |d 2017-07-17  |i snk2017/16500  |l 0  |o snkČSD 2319/2015 D1  |p 17A1263623  |r 2026-02-21 22:25:24  |w 2026-02-21  |y PREZ